000 00876nam a2200265Ia 4500
003 OSt
005 20220923211522.0
006 a|||||r|||| 00| 0
007 ta
008 Pun
020 _a9789380906485 (hbk)
_c200
024 _a320,264
037 _b772, 27/02/2017, H.K. Prakashan
_cTextual
040 _aARTS
_cARTS
_bPun
041 _2Pun
_aPun
082 _aO153,1NANx, Q3
100 _aਅਣਖੀਲਾ, ਜੋਗਿੰਦਰ ਸਿੰਘ, ਂਚ.
_9159445
245 0 _aਸਭ ਰੰਗ
260 _aਪਟਿਆਲਾ
_b ਗ੍ਰੇFਿਅਸ
_c2013
300 _a105ਪ੍ਰ0
_ccm.
650 _a ਪੰਜਾਬੀ ਕਾਵਿ
650 _aਸ਼ਚਅਹ਼ਲਜ
942 _hO153,1NANx, Q3
_cTEXL
_2CC
999 _c300345
_d300345